[Event "Eastern op 45th"]
[Site "Tysons"]
[Date "2018.12.28"]
[Round "2"]
[White "Luo, Terry"]
[Black "Boris, Peter Theodore"]
[Result "1-0"]
[WhiteElo "1958"]
[BlackElo "1812"]
[PlyCount "65"]
[EventDate "2018.12.27"]
[EventType "swiss"]
[EventRounds "7"]
[EventCountry "USA"]
[SourceTitle "CBM 188 Extra"]
[Source "ChessBase"]
[SourceDate "2019.02.26"]
[SourceVersion "1"]
[SourceVersionDate "2019.02.26"]
[SourceQuality "1"]

1. d4 d5 2. c4 e6 3. Nf3 Nf6 4. g3 Bb4+ 5. Bd2 Bd6 6. Nc3 0-0 7. Bg5 Be7 8. Bg2 Nbd7 9. 0-0 c6 10. Qc2 a5 11. e4 dxc4 12. a4 h6 13. Bf4 b6 14. Rfd1 Bb7 15. Bf1 Ba6 16. Rac1 b5 17. axb5 cxb5 18. d5 exd5 19. e5 Ne4 20. Nxd5 Nec5 21. Nd4 Rc8 22. Nf5 Re8 23. Ndxe7+ Rxe7 24. Nxe7+ Qxe7 25. e6 Nxe6 26. Bd6 Qf6 27. Qc3 Qxc3 28. Rxc3 Nb6 29. Ra3 Na4 30. b4 axb4 31. Bxb4 Bb7 32. Bh3 Bf3 33. Rxf3 1-0

[Event "Wch U12"]
[Site "Santiago de Compostela"]
[Date "2018.11.05"]
[Round "2"]
[White "Boris, Peter Theodore"]
[Black "Murzin, Volodar"]
[Result "0-1"]
[WhiteElo "1914"]
[BlackElo "2340"]
[PlyCount "74"]
[EventDate "2018.11.04"]
[EventType "swiss"]
[EventRounds "11"]
[EventCountry "ESP"]
[SourceTitle "EXT 2022"]
[Source "ChessBase"]
[SourceDate "2021.10.06"]
[SourceVersion "1"]
[SourceVersionDate "2021.10.06"]
[SourceQuality "1"]

1. e4 c5 2. Nf3 d6 3. d4 cxd4 4. Nxd4 Nf6 5. Nc3 a6 6. h3 b5 7. g4 Bb7 8. Bg2 Nc6 9. g5 Nd7 10. h4 Nxd4 11. Qxd4 e5 12. Qd1 Be7 13. 0-0 0-0 14. Nd5 Bxd5 15. Qxd5 Qc7 16. Qd1 Rad8 17. Be3 Nc5 18. f4 exf4 19. Rxf4 Nd7 20. Qe2 Ne5 21. Raf1 Rc8 22. R4f2 Qc4 23. Qxc4 Rxc4 24. b3 Rc6 25. Bd4 Bd8 26. Bh3 Bb6 27. Bxb6 Rxb6 28. Rd1 Rd8 29. Rd5 Kf8 30. Kf1 Rc6 31. Kg2 Ke7 32. Bf5 h6 33. gxh6 g6 34. Bh3 Rh8 35. Rdd2 Rxh6 36. Rf4 Rc3 37. Rdf2 g5 0-1

[Event "Pan American-ch U12"]
[Site "Santiago de Chile"]
[Date "2018.07.25"]
[Round "6"]
[White "Zong, Davis Jr"]
[Black "Boris, Peter Theodore"]
[Result "1/2-1/2"]
[WhiteElo "2075"]
[BlackElo "1783"]
[PlyCount "104"]
[EventDate "2018.07.22"]
[EventType "swiss"]
[EventRounds "9"]
[EventCountry "CHI"]
[SourceTitle "EXT 2022"]
[Source "ChessBase"]
[SourceDate "2021.10.06"]
[SourceVersion "1"]
[SourceVersionDate "2021.10.06"]
[SourceQuality "1"]

1. e4 e5 2. Nf3 Nc6 3. Bc4 Bc5 4. c3 Nf6 5. d3 a6 6. a4 d6 7. 0-0 0-0 8. Nbd2 Ba7 9. h3 h6 10. Re1 Re8 11. Nf1 Be6 12. Bb3 d5 13. exd5 Bxd5 14. Bc2 e4 15. dxe4 Bxe4 16. Bxe4 Nxe4 17. Be3 Bxe3 18. Nxe3 Ng5 19. Nxg5 Qxg5 20. Qf3 Rad8 21. Rad1 Ne5 22. Qxb7 Nd3 23. Rf1 Nxf2 24. Rxf2 Qxe3 25. Rxd8 Rxd8 26. Qf3 Qxf3 27. Rxf3 Rd2 28. Rf2 Rd1+ 29. Kh2 Ra1 30. Rf4 Ra2 31. b3 Rb2 32. b4 Ra2 33. a5 c5 34. bxc5 Rxa5 35. Rc4 Rb5 36. Kg3 Kf8 37. c6 Rb8 38. Kf4 Ke7 39. Ke5 Rb5+ 40. Kd4 Kd8 41. Rb4 Rxb4+ 42. cxb4 Kc7 43. Kc5 h5 44. b5 axb5 45. Kxb5 h4 46. Kc5 g5 47. Kd5 f5 48. Ke5 g4 49. Kxf5 gxh3 50. gxh3 Kxc6 51. Kg5 Kd7 52. Kxh4 Ke7 1/2-1/2

[Event "Philadelphia int op 12th"]
[Site "Philadelphia"]
[Date "2018.06.29"]
[Round "2"]
[White "Boris, Peter Theodore"]
[Black "Niemann, Hans Moke"]
[Result "0-1"]
[WhiteElo "1853"]
[BlackElo "2313"]
[PlyCount "114"]
[EventDate "2018.06.28"]
[EventType "swiss"]
[EventRounds "9"]
[EventCountry "USA"]
[SourceTitle "CBM 185 Extra"]
[Source "ChessBase"]
[SourceDate "2018.07.29"]
[SourceVersion "1"]
[SourceVersionDate "2018.07.29"]
[SourceQuality "1"]

1. e4 e6 2. d4 d5 3. e5 c5 4. c3 Nc6 5. Nf3 Bd7 6. Be2 Nh6 7. dxc5 Bxc5 8. 0-0 Nf5 9. b4 Be7 10. Bd3 Nh4 11. Nxh4 Bxh4 12. Qe2 Be7 13. Nd2 0-0 14. Nf3 Rc8 15. Bb2 a6 16. a3 Qc7 17. Rac1 b5 18. Bb1 f6 19. exf6 Bxf6 20. Nd4 Rce8 21. Nxc6 Bxc6 22. Qd3 g6 23. Rcd1 Qg7 24. Qh3 Bd7 25. Bc1 e5 26. Qd3 Be6 27. Ba2 Rd8 28. f3 Kh8 29. Qe2 Bg8 30. Be3 d4 31. Bxg8 Rxg8 32. cxd4 exd4 33. Bf2 Rge8 34. Qd3 Qf7 35. Rc1 Kg8 36. Rc5 Rc8 37. Rfc1 Rxc5 38. Rxc5 Qa2 39. Rc1 Qb2 40. Rb1 Qc3 41. Rd1 Kf7 42. Kf1 Qc4 43. Rd2 Rc8 44. Ke2 Rc6 45. Qxc4+ bxc4 46. Bxd4 c3 47. Bxf6 cxd2 48. Bg5 Rc2 49. Bxd2 Ra2 50. a4 Rxa4 51. Kd3 Ra3+ 52. Kc4 Ra2 53. Kc3 Ke6 54. f4 Kd5 55. Kd3 Ra1 56. Ke2 Ke4 57. g3 Rh1 0-1

[Event "Eastern op 44th"]
[Site "Tysons"]
[Date "2017.12.28"]
[Round "3"]
[White "Boris, Peter Theodore"]
[Black "Karamsetty, Jeevan"]
[Result "0-1"]
[WhiteElo "1904"]
[BlackElo "2165"]
[PlyCount "64"]
[EventDate "2017.12.27"]
[EventType "swiss"]
[EventRounds "7"]
[EventCountry "USA"]
[SourceTitle "CBM 182 Extra"]
[Source "ChessBase"]
[SourceDate "2018.02.23"]
[SourceVersion "1"]
[SourceVersionDate "2018.02.23"]
[SourceQuality "1"]

1. e4 e5 2. Nf3 Nc6 3. Bb5 a6 4. Ba4 Nf6 5. 0-0 Be7 6. Re1 b5 7. Bb3 d6 8. c3 0-0 9. h3 Na5 10. Bc2 c5 11. d4 Qc7 12. d5 Ne8 13. Nbd2 f5 14. b3 f4 15. a4 b4 16. cxb4 cxb4 17. Bb2 Nb7 18. Bd3 Nc5 19. Bc4 Kh8 20. Rc1 g5 21. Nh2 Nf6 22. f3 h5 23. Be2 g4 24. fxg4 Qa7 25. Rxc5 Qxc5+ 26. Kh1 hxg4 27. Nxg4 Rg8 28. Nxf6 Bxf6 29. Rf1 Ra7 30. Bd3 Rh7 31. Kh2 Rxg2+ 32. Kxg2 Bxh3+ 0-1

[Event "Wch U10"]
[Site "Batumi"]
[Date "2016.10.27"]
[Round "8"]
[White "Boris, Peter Theodore"]
[Black "Guipi Bopala, Prince Eric Jr"]
[Result "1/2-1/2"]
[WhiteElo "1735"]
[BlackElo "1518"]
[PlyCount "126"]
[EventDate "2016.10.19"]
[EventType "swiss"]
[EventRounds "11"]
[EventCountry "GEO"]
[SourceTitle "CBM 175 Extra"]
[Source "ChessBase"]
[SourceDate "2016.12.12"]
[SourceVersion "1"]
[SourceVersionDate "2016.12.12"]
[SourceQuality "1"]

1. e4 e5 2. Nf3 Nc6 3. Bb5 a6 4. Ba4 Nf6 5. 0-0 Be7 6. Re1 b5 7. Bb3 0-0 8. c3 d5 9. exd5 Nxd5 10. Nxe5 Nxe5 11. Rxe5 c6 12. d4 Bd6 13. Re2 Qh4 14. g3 Qh5 15. Bxd5 cxd5 16. Qe1 Bg4 17. Re3 f5 18. f4 g5 19. Qf2 gxf4 20. gxf4 Rae8 21. Na3 Re4 22. Rxe4 fxe4 23. Be3 Bf3 24. Kf1 Bxf4 25. Bxf4 Rxf4 26. Qg3+ Rg4 27. Qb8+ Kg7 28. Qc7+ Kh8 29. Qd8+ Kg7 30. Qc7+ Qf7 31. Qxf7+ Kxf7 32. Rc1 e3 33. Nc2 e2+ 34. Kf2 Rf4 35. Ke3 Rf6 36. Ne1 Bh5 37. Ra1 Rf1 38. Kd2 Rh1 39. a4 Rxh2 40. axb5 axb5 41. Ra7+ Kg6 42. Ra6+ Kg7 43. Ra7+ Bf7 44. Rb7 h5 45. Nf3 Rf2 46. Ne5 h4 47. Ke1 Rf5 48. Kxe2 h3 49. Nxf7 Rxf7 50. Rxf7+ Kxf7 51. Kf3 Kf6 52. Kg3 Kf5 53. Kxh3 Ke4 54. Kg4 b4 55. cxb4 Kxd4 56. b3 Kc3 57. b5 d4 58. b6 d3 59. b7 d2 60. b8Q d1Q+ 61. Kf5 Qh5+ 62. Ke6 Qg6+ 63. Kd5 Qg2+ 1/2-1/2

[Event "Wch U10"]
[Site "Batumi"]
[Date "2016.10.22"]
[Round "4"]
[White "Kopaloff, Liam"]
[Black "Boris, Peter Theodore"]
[Result "0-1"]
[WhiteElo "1517"]
[BlackElo "1735"]
[PlyCount "116"]
[EventDate "2016.10.19"]
[EventType "swiss"]
[EventRounds "11"]
[EventCountry "GEO"]
[SourceTitle "CBM 175 Extra"]
[Source "ChessBase"]
[SourceDate "2016.12.12"]
[SourceVersion "1"]
[SourceVersionDate "2016.12.12"]
[SourceQuality "1"]

1. e4 e5 2. Nf3 Nc6 3. c3 d5 4. Qa4 f6 5. d3 Be6 6. Be3 Qd7 7. Be2 Nge7 8. 0-0 g5 9. Nbd2 Ng6 10. d4 g4 11. Ne1 h5 12. Bb5 exd4 13. Bxd4 Be7 14. Nd3 0-0 15. Bc5 a6 16. Bxc6 bxc6 17. Bxe7 Nxe7 18. Nc5 Qd6 19. b4 Bf7 20. Rad1 Qf4 21. Rfe1 Rfe8 22. g3 Qg5 23. Ndb3 Kg7 24. Nd4 Ng8 25. Qxc6 Qe5 26. Nf5+ Kh7 27. Nd3 Qe6 28. Qxe6 Bxe6 29. Nd4 dxe4 30. Nc5 Bxa2 31. Nxe4 Bd5 32. Nc5 Rxe1+ 33. Rxe1 Kg6 34. Nd3 Bc4 35. Nf4+ Kh6 36. Nf5+ Kg5 37. Ne3 Re8 38. Rd1 Bb3 39. Ra1 Nh6 40. Rxa6 Nf7 41. Ra5+ Ne5 42. Nd3 Kg6 43. Nxe5+ fxe5 44. Rc5 Re7 45. c4 Kf7 46. Nd5 Rd7 47. Ne3 Ke6 48. Kf1 Bd1 49. Ke1 Bf3 50. Ra5 Rh7 51. Ra6+ Kd7 52. Rg6 c6 53. c5 Rh8 54. Rd6+ Kc7 55. Nc4 Rb8 56. Kd2 Rxb4 57. Nxe5 Rb2+ 58. Ke1 Re2+ 0-1

[Event "Dortmund Sparkassen op-B"]
[Site "Dortmund"]
[Date "2015.07.02"]
[Round "6"]
[White "Boris, Peter Theodore"]
[Black "Schacht, Juergen"]
[Result "1-0"]
[WhiteElo "1636"]
[BlackElo "1559"]
[PlyCount "47"]
[EventDate "2015.06.27"]
[EventType "swiss"]
[EventRounds "9"]
[EventCountry "GER"]
[SourceTitle "CBM 167 Extra"]
[Source "ChessBase"]
[SourceDate "2015.09.14"]
[SourceVersion "1"]
[SourceVersionDate "2015.09.14"]
[SourceQuality "1"]

1. e4 Nf6 2. e5 Nd5 3. d4 d6 4. Nf3 Bf5 5. Bc4 e6 6. 0-0 Nb6 7. Bb3 d5 8. Nc3 c5 9. dxc5 Bxc5 10. Na4 Nxa4 11. Bxa4+ Nd7 12. Nd4 Bxd4 13. Qxd4 0-0 14. Bd2 a6 15. Bb4 Re8 16. c4 Rc8 17. cxd5 b5 18. Bb3 exd5 19. Qxd5 Nxe5 20. Rfd1 Qxd5 21. Rxd5 Bc2 22. Bxc2 Rxc2 23. Re1 Rcc8 24. Rdxe5 1-0